Temporal information systems in medicine / (Record no. 329123)

000 -LEADER
fixed length control field 01336cam a22003737a 4500
001 - CONTROL NUMBER
control field 16224246
003 - CONTROL NUMBER IDENTIFIER
control field ASAB
005 - DATE AND TIME OF LATEST TRANSACTION
control field 20170424152928.0
008 - FIXED-LENGTH DATA ELEMENTS--GENERAL INFORMATION
fixed length control field 100510s2010 nyua b 001 0 eng
010 ## - LIBRARY OF CONGRESS CONTROL NUMBER
LC control number 2010928349
016 7# - NATIONAL BIBLIOGRAPHIC AGENCY CONTROL NUMBER
Record control number 101565921
Source DNLM
020 ## - INTERNATIONAL STANDARD BOOK NUMBER
International Standard Book Number 9781441965424 (alk. paper)
020 ## - INTERNATIONAL STANDARD BOOK NUMBER
International Standard Book Number 1441965424 (alk. paper)
020 ## - INTERNATIONAL STANDARD BOOK NUMBER
International Standard Book Number 9781441965431 (eISBN)
020 ## - INTERNATIONAL STANDARD BOOK NUMBER
International Standard Book Number 1441965432 (eISBN)
035 ## - SYSTEM CONTROL NUMBER
System control number (OCoLC)ocn756894969
040 ## - CATALOGING SOURCE
Original cataloging agency NLM
Language of cataloging eng
Transcribing agency ASAB
Modifying agency DLC
042 ## - AUTHENTICATION CODE
Authentication code nlmcopyc
-- lccopycat
050 00 - LIBRARY OF CONGRESS CALL NUMBER
Classification number Q335
Item number C542 2010
060 00 - NATIONAL LIBRARY OF MEDICINE CALL NUMBER
Classification number 2011 J-139
060 10 - NATIONAL LIBRARY OF MEDICINE CALL NUMBER
Classification number W 26.55.I4
082 04 - DEWEY DECIMAL CLASSIFICATION NUMBER
Classification number 610.285
Edition number 22
100 1# - MAIN ENTRY--PERSONAL NAME
Personal name Combi, Carlo.
245 10 - TITLE STATEMENT
Title Temporal information systems in medicine /
Statement of responsibility, etc. Carlo Combi, Elpida Keravnou-Papailiou, Yuval Shahar ; foreword by Jim Hunter.
260 ## - PUBLICATION, DISTRIBUTION, ETC.
Place of publication, distribution, etc. New York :
Name of publisher, distributor, etc. Springer,
Date of publication, distribution, etc. c2010.
300 ## - PHYSICAL DESCRIPTION
Extent xxviii, 376 p. :
Other physical details ill. ;
Dimensions 24 cm.
504 ## - BIBLIOGRAPHY, ETC. NOTE
Bibliography, etc. note Includes bibliographical references (p. 351-371) and index.
650 #0 - SUBJECT ADDED ENTRY--TOPICAL TERM
Topical term or geographic name entry element Artificial intelligence.
650 12 - SUBJECT ADDED ENTRY--TOPICAL TERM
Topical term or geographic name entry element Artificial Intelligence.
650 22 - SUBJECT ADDED ENTRY--TOPICAL TERM
Topical term or geographic name entry element Information Systems.
700 1# - ADDED ENTRY--PERSONAL NAME
Personal name Karavnou-Papiliou, Elpida.
700 1# - ADDED ENTRY--PERSONAL NAME
Personal name Shahar, Yuval.
906 ## - LOCAL DATA ELEMENT F, LDF (RLIN)
a 7
b cbc
c copycat
d 2
e epcn
f 20
g y-gencatlg
942 ## - ADDED ENTRY ELEMENTS (KOHA)
Source of classification or shelving scheme
Koha item type Book
Holdings
Withdrawn status Lost status Source of classification or shelving scheme Damaged status Not for loan Collection code Permanent Location Current Location Date acquired Total Checkouts Full call number Barcode Date last seen Price effective from Koha item type
            Atta-ur-Rahman School of Applied Biosciences (ASAB) Atta-ur-Rahman School of Applied Biosciences (ASAB) 04/24/2017   610.285 COM ASAB2235 04/24/2017 04/24/2017 Book
© 2023 Central Library, National University of Sciences and Technology. All Rights Reserved.